<?xml version="1.0" encoding="UTF-8"?>
<record
    xmlns:xsi="http://www.w3.org/2001/XMLSchema-instance"
    xsi:schemaLocation="http://www.loc.gov/MARC21/slim http://www.loc.gov/standards/marcxml/schema/MARC21slim.xsd"
    xmlns="http://www.loc.gov/MARC21/slim">

  <leader>01081nam a2200313 i 4500</leader>
  <datafield tag="999" ind1=" " ind2=" ">
    <subfield code="c">141813</subfield>
    <subfield code="d">141813</subfield>
  </datafield>
  <controlfield tag="001">C2-0345323</controlfield>
  <controlfield tag="003">PPAK</controlfield>
  <controlfield tag="005">20180728145922.0</controlfield>
  <controlfield tag="008">180205t20042014cc a|||b |||||  | 1 chi d</controlfield>
  <datafield tag="020" ind1=" " ind2=" ">
    <subfield code="a">9789814764223</subfield>
    <subfield code="q">paperback</subfield>
  </datafield>
  <datafield tag="040" ind1=" " ind2=" ">
    <subfield code="a">PPAK</subfield>
    <subfield code="b">eng</subfield>
    <subfield code="c">PPAK</subfield>
    <subfield code="e">rda</subfield>
  </datafield>
  <datafield tag="082" ind1=" " ind2=" ">
    <subfield code="2">23</subfield>
    <subfield code="a">495.182</subfield>
  </datafield>
  <datafield tag="090" ind1=" " ind2=" ">
    <subfield code="a">495.182</subfield>
    <subfield code="b">CHE</subfield>
    <subfield code="d">K</subfield>
  </datafield>
  <datafield tag="245" ind1="0" ind2="0">
    <subfield code="a">Cheng yu wo OK. 2 :</subfield>
    <subfield code="b">Geng duo man hua, geng duo you xi! Xue xi cheng yu, hao bu fei li!</subfield>
  </datafield>
  <datafield tag="246" ind1="0" ind2="3">
    <subfield code="b">Geng duo man hua, geng duo you xi! Xue xi cheng yu, hao bu fei li!</subfield>
  </datafield>
  <datafield tag="250" ind1=" " ind2=" ">
    <subfield code="a">San ban.</subfield>
  </datafield>
  <datafield tag="264" ind1=" " ind2="1">
    <subfield code="a">Xinjiapo : </subfield>
    <subfield code="b">Ling zi chuan mei gong si chu ban , </subfield>
    <subfield code="c">2004</subfield>
  </datafield>
  <datafield tag="264" ind1=" " ind2="4">
    <subfield code="c">&#xA9;2014</subfield>
  </datafield>
  <datafield tag="300" ind1=" " ind2=" ">
    <subfield code="a">183 pages, 4 unnumbered pages : </subfield>
    <subfield code="b">illustrations ; </subfield>
    <subfield code="c">21 cm.</subfield>
  </datafield>
  <datafield tag="336" ind1=" " ind2=" ">
    <subfield code="2">rdacontent</subfield>
    <subfield code="a">text</subfield>
  </datafield>
  <datafield tag="337" ind1=" " ind2=" ">
    <subfield code="2">rdamedia</subfield>
    <subfield code="a">unmediated</subfield>
  </datafield>
  <datafield tag="338" ind1=" " ind2=" ">
    <subfield code="2">rdacarrier</subfield>
    <subfield code="a">volume</subfield>
  </datafield>
  <datafield tag="500" ind1=" " ind2=" ">
    <subfield code="a">Paritial text in Chinese.</subfield>
  </datafield>
  <datafield tag="650" ind1="1" ind2="0">
    <subfield code="a">Chinese language </subfield>
    <subfield code="x">Idioms </subfield>
    <subfield code="v">Caricatures and cartoons</subfield>
  </datafield>
  <datafield tag="650" ind1="2" ind2="0">
    <subfield code="a">Chinese language</subfield>
    <subfield code="x">Idioms </subfield>
    <subfield code="v">Juvenile literature</subfield>
  </datafield>
  <datafield tag="700" ind1="0" ind2=" ">
    <subfield code="a">Wu, Guoxiong, </subfield>
    <subfield code="e">editor.</subfield>
  </datafield>
  <datafield tag="700" ind1="0" ind2=" ">
    <subfield code="a">Wu, Guoxiong, </subfield>
    <subfield code="e">artist.</subfield>
  </datafield>
  <datafield tag="942" ind1=" " ind2=" ">
    <subfield code="c">B</subfield>
    <subfield code="2">ddc</subfield>
  </datafield>
  <datafield tag="952" ind1=" " ind2=" ">
    <subfield code="0">0</subfield>
    <subfield code="7">0</subfield>
    <subfield code="b">PPAK</subfield>
    <subfield code="c">K</subfield>
    <subfield code="d">2018-02-08</subfield>
    <subfield code="l">31</subfield>
    <subfield code="m">10</subfield>
    <subfield code="o">K 495.182 CHE</subfield>
    <subfield code="p">A01565187</subfield>
    <subfield code="r">2026-04-27 10:32:13</subfield>
    <subfield code="s">2026-04-06</subfield>
    <subfield code="y">B</subfield>
  </datafield>
</record>
